000
00344cam a2200145ua 4500
041
_a
eng
_h
082
_a
823.301
_b
JOH/BL
100
_a
Black, E L .
245
_a
Aspects of the short stry /
_c
E L Black.
_h
Textual Documents
260
_a
:
_b
John Murray ,
_c
1965.
300
_a
176 ; .
504
_a
942
_c
BK
999
_c
3369
_d
3369